000 00994cam a2200133 4500500
005 20251012042358.0
041 _afre
042 _adc
100 1 0 _aJouenne, Noël
_eauthor
245 0 0 _aLa vie collective des habitants du Corbusier
260 _bL'Harmattan,
_c2005.
520 _aDans le droit fil des théories issues de la Charte d’Athènes, la naissance des unités d’habitation selon Le Corbusier a donné lieu à 5 expériences uniques au monde, dont 4 en France entre 1952 et 1968. Ces immeubles collectifs ont en commun une architecture «utopiste», dans lesquels le projet d’ensemble comprend également un jeu d’équipements et de services mis à disposition des habitants. L’originalité de cet ouvrage tient à la place accordée à l’homme dans son rapport à l’architecture moderne et à la vie en immeuble collectif.
856 4 1 _uhttps://shs.cairn.info/la-vie-collective-des-habitants-du-corbusier--9782747585224?lang=fr&redirect-ssocas=7080
999 _c1548764
_d1548764